L' isola di Lesbos /

Guardat en:
Dades bibliogràfiques
Altres autors: Harmon, Jeff B., Smith, Kirsten Holly, Sheridan, Danica, Hensley, Sonya
Format: Diapositiva
Idioma:anglès
italià
Publicat: Milano : Emik, 1998
Etiquetes: Afegir etiqueta
Sense etiquetes, Sigues el primer a etiquetar aquest registre!

MARC

LEADER 00000ngm a22000007i 4500
001 IT\ICCU\UBO\3295681
003 ItRI
005 20260124182855.0
008 071008s1998 it |||||||||||||||k|||||c
028 4 2 |a EMKV04007P 
040 |b ita 
041 7 |a eng  |a ita  |2 ISO-639-2 
130 0 |a Isle of Lesbos <film ; 1996>  |3 IT\ICCU\UBO\3295683 
245 0 3 |a L' isola di Lesbos /  |c regia di Jeff B. Harmon. 
260 |a Milano :  |b Emik,  |c 1998 
300 |a 1 videocassetta (VHS)(94 min.) :  |b color., son 
500 |a Tit. del contenitore 
500 |a Film del 1996, prod. USA; interpreti: Kirsten Holly Smith, Danica Sheridan, Sonya Hensley 
500 |a Film consigliato ad un pubblico adulto. 
700 1 |a Harmon, Jeff B.  |0 IT\ICCU\UBOV\194744 
700 1 |a Smith, Kirsten Holly  |0 IT\ICCU\UBOV\194745 
700 1 |a Sheridan, Danica  |0 IT\ICCU\UBOV\194746 
700 1 |a Hensley, Sonya  |0 IT\ICCU\UBOV\194747 
942 |2 ddc  |c VM  |n 0 
952 |0 0  |1 0  |4 0  |6 VO_666_000000000000000  |7 0  |9 27357  |a BO  |b BO  |d 2026-01-24  |i 7246  |l 0  |o VO 666  |p BO7246  |r 2026-01-24 18:28:55  |w 2026-01-24  |x [Sebina 5] [1 videocassetta]  |y VM  |z 1 videocassetta 
999 |c 23170  |d 23170